Hackers :heroes of the computer revolution / (Record no. 1796)

000 -LEADER
fixed length control field 00912cam a2200289 a 4500
001 - CONTROL NUMBER
control field 12415798
003 - CONTROL NUMBER IDENTIFIER
control field OSt
005 - DATE AND TIME OF LATEST TRANSACTION
control field 20150512153600.0
008 - FIXED-LENGTH DATA ELEMENTS--GENERAL INFORMATION
fixed length control field 010521r1994 nyu b 001 0 eng
010 ## - LIBRARY OF CONGRESS CONTROL NUMBER
LC control number 2001268767
020 ## - INTERNATIONAL STANDARD BOOK NUMBER
International Standard Book Number 0141000511
040 ## - CATALOGING SOURCE
Original cataloging agency DLC
Transcribing agency DLC
Modifying agency DLC
050 00 - LIBRARY OF CONGRESS CALL NUMBER
Classification number QA76.6.L469 2001
100 1# - MAIN ENTRY--PERSONAL NAME
Personal name Levy, Steven.
245 10 - TITLE STATEMENT
Title Hackers :heroes of the computer revolution /
Statement of responsibility, etc Steven Levy.
250 ## - EDITION STATEMENT
Edition statement [Updated afterword]
260 ## - PUBLICATION, DISTRIBUTION, ETC. (IMPRINT)
Place of publication, distribution, etc New York, N.Y. :
Name of publisher, distributor, etc Penguin Books,
Date of publication, distribution, etc 2001.
300 ## - PHYSICAL DESCRIPTION
Extent xv, 455 p. ;
Dimensions 20 cm.
500 ## - GENERAL NOTE
General note Originally published: Dell Pub., 1994.
500 ## - GENERAL NOTE
General note Includes index.
504 ## - BIBLIOGRAPHY, ETC. NOTE
Bibliography, etc Bibliography: p. [441]-444.
650 #0 - SUBJECT ADDED ENTRY--TOPICAL TERM
Topical term or geographic name as entry element Computer programming.
650 #0 - SUBJECT ADDED ENTRY--TOPICAL TERM
Topical term or geographic name as entry element Hackers.
906 ## - LOCAL DATA ELEMENT F, LDF (RLIN)
a 7
b cbc
c origcop
d 2
e ncip
f 20
g y-gencatlg
942 ## - ADDED ENTRY ELEMENTS (KOHA)
Source of classification or shelving scheme
Koha item type Book
Holdings
Withdrawn status Lost status Source of classification or shelving scheme Damaged status Not for loan Home library Current library Shelving location Date acquired Total Checkouts Full call number Barcode Date last seen Date checked out Copy number Price effective from Koha item type
          Riara University Library Riara University Library General stack 12/05/2015 4 QA76.6.L469 2001 5786/15 06/10/2023 21/09/2023 C.1 12/05/2015 Book

Riara University Library,
P.O. Box 49940-00100,
Nairobi, Kenya.